[Event "CAN-ch U10 Girls"]
[Site "Sault Ste Marie"]
[Date "2017.07.06"]
[Round "2"]
[White "Deng, Joyce"]
[Black "Zhang, Joyce"]
[Result "1/2-1/2"]
[WhiteElo "1000"]
[BlackElo "863"]
[PlyCount "102"]
[EventDate "2017.07.06"]
[EventType "swiss"]
[EventRounds "7"]
[EventCountry "CAN"]
[SourceTitle "EXT 2022"]
[Source "ChessBase"]
[SourceDate "2021.10.06"]
[SourceVersion "1"]
[SourceVersionDate "2021.10.06"]
[SourceQuality "1"]

1. e4 c5 2. Nc3 d6 3. f4 Nc6 4. Bb5 Bd7 5. d3 g6 6. Be3 e5 7. fxe5 Nxe5 8. Nf3 Bxb5 9. Nxb5 a6 10. Nc3 Nf6 11. Nxe5 dxe5 12. Qe2 b6 13. Bg5 Bg7 14. Nd5 0-0 15. 0-0-0 Qd6 16. Rhf1 Nd7 17. Be7 Qe6 18. Bxf8 Rxf8 19. Nc7 Qc6 20. Nd5 Re8 21. Rf2 Nf6 22. Nxf6+ Bxf6 23. Rdf1 Re6 24. g4 h6 25. h4 g5 26. hxg5 hxg5 27. Rf3 Kf8 28. R1f2 Ke7 29. Qf1 b5 30. Rxf6 Rxf6 31. Rxf6 Qxf6 32. Qxf6+ Kxf6 33. Kd2 Ke6 34. b3 Kd6 35. c4 bxc4 36. dxc4 a5 37. a4 Kc6 38. Kc3 Kb6 39. Kb2 Kb7 40. Kc2 Kb6 41. Kd3 Kc6 42. Ke3 Kd6 43. Kf3 Ke6 44. Kg3 Kd6 45. Kf3 Ke6 46. Kg3 Kd6 47. Kf3 Kc6 48. Ke3 f6 49. Kd3 Kd7 50. Ke3 Kc8 51. Kd2 Kb7 1/2-1/2